000 01530nam a2200385 c 4500
001 60279
003 CO-BoRNBP
005 20260120162856.0
007 ta
008 210806r20142020ck ao jr dspa d spa
020 _a9789583384738
_qcolección
020 _a9789585700765
_qvolumen
040 _aCO-BoRNBP
_bspa
_erda
_cCO-BoRNBP
041 0 _aspa
082 0 4 _a581.634
_bV23s
_222
100 1 _aVega, Juan Luis
_eaut
_966477
245 1 4 _aLos secretos de las plantas :
_b50 plantas medicinales en su huerta /
_ctextos Juan Luis Vega G ; ilustraciones Gloria María Mora González, Johana Bojanini.
246 3 2 _aLos secretos de las plantas
250 _aCuarta edición, Quinta edición, Sexta edicion
264 1 _aMedellín, Colombia :
_bFundación Secretos para Contar,
_c2022
300 _a199 páginas :
_bilustraciones y fotografías a color
336 _atexto
_btxt
_2rdacontent
337 _asin mediación
_bn
_2rdamedia
338 _avolumen
_bnc
_2rdacarrier
490 0 _aSecretos para contar
500 _aIncluye índice de nombres comunes
505 1 _a50 plantas medicinales -- Botiquín, preparaciones y recetario -- Índice de dolencias -- Los cultivos
521 _aRecomendado para un público mayor de 15 años
650 1 7 _aBotánica medica
_2lemb
_99060
650 1 7 _aPlantas medicinales
_2lemb
_915805
650 1 7 _aTerapias alternativas
_2lemb
_966478
700 1 0 _aBojanini, Johana
_eill
_966174
700 1 0 _aMora González, Gloria María
_eill
_966163
942 _cBK
_n0
_2ddc
999 _c60279
_d60279